[Event "Chigorin Memorial Blitz"]
[Site "St Petersburg"]
[Date "2022.10.21"]
[Round "10"]
[White "Chetverikov, Georgy"]
[Black "Strybuk, Artsiom I"]
[Result "0-1"]
[WhiteElo "1900"]
[BlackElo "2312"]
[PlyCount "70"]
[EventDate "2022.10.21"]
[EventType "swiss (blitz)"]
[EventRounds "11"]
[EventCountry "RUS"]
[SourceTitle "EXT 2024"]
[Source "ChessBase"]
[SourceDate "2023.10.10"]
[SourceVersion "1"]
[SourceVersionDate "2023.10.10"]
[SourceQuality "1"]

1. e4 c5 2. c3 Nf6 3. e5 Nd5 4. d4 cxd4 5. Nf3 d6 6. cxd4 e6 7. Bc4 Be7 8. 0-0 0-0 9. Qe2 Bd7 10. Nc3 Nxc3 11. bxc3 dxe5 12. Nxe5 Nc6 13. Nxd7 Qxd7 14. Rd1 Bf6 15. Rd3 Ne7 16. Rh3 g6 17. Bb3 Rac8 18. Ba3 Rfe8 19. Re1 Nd5 20. Rf3 Nxc3 21. Qd2 Qxd4 22. Rd3 Qg4 23. h3 Qg5 24. f4 Qa5 25. Bb2 Qb6+ 26. Kh1 Nd5 27. Ba3 h5 28. Bxd5 exd5 29. Rd1 d4 30. Bb2 Re4 31. Bxd4 Bxd4 32. Rxd4 Qxd4 33. Qxd4 Rxd4 34. Rxd4 Rc5 35. Rd7 Rb5 0-1

[Event "St Petersburg Korchnoi Memorial op"]
[Site "St Petersburg"]
[Date "2019.08.20"]
[Round "7"]
[White "Krukovsky, Alexander"]
[Black "Chetverikov, Georgy"]
[Result "1-0"]
[WhiteElo "1981"]
[BlackElo "1700"]
[PlyCount "73"]
[EventDate "2019.08.14"]
[EventType "swiss"]
[EventRounds "9"]
[EventCountry "RUS"]
[SourceTitle "CBM 192"]
[Source "ChessBase"]
[SourceDate "2019.10.31"]
[SourceVersion "1"]
[SourceVersionDate "2019.10.31"]
[SourceQuality "1"]

1. d4 d5 2. c4 e6 3. Nc3 Nf6 4. Bg5 h6 5. Bxf6 gxf6 6. cxd5 exd5 7. e3 c6 8. Bd3 Rg8 9. Nge2 Bd6 10. Ng3 Bg4 11. f3 Be6 12. Kf2 Qc7 13. f4 Bg4 14. Qd2 Nd7 15. Rac1 Nb6 16. h3 Be6 17. Nh5 Qe7 18. f5 Bd7 19. g4 0-0-0 20. e4 Bb4 21. exd5 Rg5 22. Rhe1 Qd6 23. Qf4 Qxf4+ 24. Nxf4 Bxc3 25. Rxc3 Kb8 26. Be4 Rgg8 27. dxc6 Bxc6 28. Bxc6 bxc6 29. Rxc6 Rxd4 30. Nh5 Nd5 31. Nxf6 Nxf6 32. Rxf6 h5 33. gxh5 Rh4 34. Re3 Rxh5 35. Rxf7 Rhg5 36. Rb3+ Ka8 37. Kf3 1-0